Statistics for food for all of ya

Click here to take the quiz!

General Stats

  • This quiz has been taken 41 times
  • The average score is 15 of 17

Answer Stats

Answer% Correct
bacon
100%
beer
100%
cheese
100%
chocolate
100%
donut
100%
hot dog
97%
ice cream
97%
Raspberry
97%
cupcake
94%
fries
94%
muffin
94%
croissant
91%
pasta
91%
crepe
85%
mince
58%
Chocolate cake
52%
lamb shank
24%

Score Distribution

Percentile by Number Answered

Percent of People with Each Score

Your Score History

You have not taken this quiz